|
|
|
|
| LEADER |
00000nab a2200000 a 4500 |
| 001 |
vtls000849940 |
| 003 |
SK-MaSNL |
| 005 |
20260304130439.0 |
| 008 |
250429c2003 xo 0 slo |
| 015 |
|
|
|a SNBRB2003/10-29819
|
| 035 |
|
|
|a CLN000201595
|
| 035 |
|
|
|a urn:nbn:sk:snk-ab98yt
|
| 035 |
|
|
|a (urnnbn)urn:nbn:sk:snk:ar-a0824i
|
| 035 |
|
|
|a (uuid)5c033cc1-fda4-40be-b41d-02fb83753240
|
| 040 |
|
|
|a SNKBUCL
|b slo
|c SNKBUCL
|e AACR2
|
| 041 |
0 |
|
|a slo
|
| 044 |
|
|
|a xo
|c SK
|
| 080 |
|
|
|a 94(=511.141)(73)-051"18/19"
|2 1997
|
| 080 |
|
|
|a 94(73)"188/191":314.742
|2 1997
|
| 080 |
|
|
|a 94(71)"188/191":314.742
|2 1997
|
| 080 |
|
|
|a 314.742(71)"188/191"
|2 1997
|
| 080 |
|
|
|a 314.742(73)"188/191"
|2 1997
|
| 100 |
1 |
|
|a Jakešová, Elena,
|d 1937-
|4 aut
|9 105127
|
| 245 |
1 |
0 |
|a Záhadný gróf Esterházy v New Yorku, alebo, Príbeh kolonizačného agenta
|c Elena Jakešová
|
| 300 |
|
|
|b Fotogr.
|
| 600 |
1 |
7 |
|a Esterházy, Pál Oszkár
|d 1831-1912
|z Spojené štáty americké
|z Kanada
|x kolonizačné pokusy
|2 snkbucl
|9 96232
|
| 610 |
|
7 |
|a Prvá uhorsko-americká osídľovacia spoločnosť (New York, N.Y.)
|2 snkbucl
|9 1441446
|
| 650 |
0 |
7 |
|a imigrácia
|z Spojené štáty americké
|z Kanada
|2 snkbucl
|9 26147
|
| 651 |
|
7 |
|a Uhorsko
|x vysťahovalectvo
|y stor. 19., r. 80.-90.-stor. 20., začiatok
|2 snkbucl
|9 1441447
|
| 655 |
|
7 |
|a články z novín a časopisov
|2 snkbucl
|9 267496
|
| 773 |
0 |
|
|t História
|g Roč. 3, č. 5 (2003), s. 37-39
|x 1335-8316
|
| 850 |
|
|
|a Slovenská národná knižnica
|
| 852 |
|
|
|a Slovenská národná knižnica
|
| 954 |
|
|
|a odborná, vedecká literatúra pôvodná (slovenská)
|2 lita
|
| 958 |
|
|
|a article13
|
| 958 |
|
|
|a OND
|
| 958 |
|
|
|a HU
|
| 958 |
|
|
|a US
|
| 958 |
|
|
|a CA
|
| 958 |
|
|
|a EUIPO
|
| 992 |
|
|
|a RBX
|
| 999 |
|
|
|c 2895456
|d 2897386
|